UBT Library

Webster's New World 33,000 word book, (Record no. 44869)

000 -LEADER
fixed length control field 00646nam a2200217 4500
001 - CONTROL NUMBER
control field 2185331
005 - DATE AND TIME OF LATEST TRANSACTION
control field 20180313054308.0
008 - FIXED-LENGTH DATA ELEMENTS--GENERAL INFORMATION
fixed length control field 711102s1971 nyu d 000 0 eng
010 ## - LIBRARY OF CONGRESS CONTROL NUMBER
LC control number 71164001
040 ## - CATALOGING SOURCE
Original cataloging agency DLC
Transcribing agency DLC
Modifying agency DLC
041 ## - LANGUAGE CODE
Language code of text/sound track or separate title eng
080 ## - UNIVERSAL DECIMAL CLASSIFICATION NUMBER
Universal Decimal Classification number 428.1 MIL
082 00 - DEWEY DECIMAL CLASSIFICATION NUMBER
Classification number 428.1 MIL
100 ## - Rafti
Rafti 23
101 ## - Shkurtesa
Shkurtesa FJA
245 00 - TITLE STATEMENT
Title Webster's New World 33,000 word book,
Statement of responsibility, etc compiled by Shirley M. Miller and based upon Webster's New World dictionary of the American language, 2d college ed.
350 ## - PRICE (NR) (BK AM CF MU VM SE) [OBSOLETE]
Price $2.95
740 ## - ADDED ENTRY--UNCONTROLLED RELATED/ANALYTICAL TITLE
Uncontrolled related/analytical title New World 33,000 word book.
906 ## - LOCAL DATA ELEMENT F, LDF (RLIN)
a 7
b cbc
c orignew
d 2
e ncip
f 19
g y-gencatlg
942 ## - ADDED ENTRY ELEMENTS (KOHA)
Source of classification or shelving scheme
Item type Books
Holdings
Withdrawn status Lost status Source of classification or shelving scheme Damaged status Not for loan Collection code Permanent location Current location Shelving location Date acquired Total Checkouts Full call number Barcode Date last seen Price effective from Koha item type
          Koleksioni i përgjithshem UBT - Lipjan UBT - Lipjan Koleksioni i përgjithshem 03/13/2018   428.1 MIL 002-3002097 03/13/2018 03/13/2018 Books
UBT Library © 2015-2024. All rights reserved University Education for Business and Technology